Kapitäne Borussia Dortmund - Statistiken

Allgemein
  • Dieses Quiz wurde 415 mal gespielt
    238 seit der letzten Aktualisierung
  • Das Durchschnittsergebnis liegt bei 7 aus 19
Antwortstatistiken
Zeit Spieler % Korrekt
2018 - 2023 Marco Reus
98%
2023- Emre Can
95%
2014 – 2016 Mats Hummels
90%
2008 – 2014 Sebastian Kehl
89%
1988 – 1997 Michael Zorc
68%
2016 - 2018 Marcel Schmelzer
62%
2004 – 2008 Christian Wörns
38%
1997 – 2003 Stefan Reuter
35%
1979 – 1983 Manfred Burgsmüller
34%
2003 – 2004 Christoph Metzelder
19%
1968 – 1971 Sigfried Held
13%
1963 – 1965 Alfred Schmidt
11%
1987 – 1988 Frank Mill
9%
1971 – 1974 Dieter Kurrat
3%
1983 – 1985 Rolf Rüßmann
3%
1965 – 1968 Wolfgang Paul
3%
1985 – 1987 Dirk Hupe
2%
1977 – 1979 Lothar Huber
2%
1974 – 1977 Klaus Ackermann
1%
Keine übereinstimmenden Quizze gefunden
Verteilung der Resultate
Anzahl Personen mit jedem Resultat
Perzentil nach korrekt beantworteten Fragen
Ihre Resultats-Entwicklung
Sie haben dieses Quiz seit der letzten Aktualisierung nicht gespielt